Southville International School and Colleges
Your cart is empty.
  • Cart
  • Lists
    Public lists Eva Luna New books Lux_list list_1
    Your lists Log in to create your own lists
  • Log in to your account
  • Your cookies
  • Search history
Southville International School and Colleges
  • Advanced search
  • Recent comments
  • Most popular
  • Libraries

Log in to your account

Log in with GOOGLE


If you do not have an external account, but do have a local account, you can still log in:

  1. Home
  2. MARC view: The hitchhiker's guide to the galaxy /
Normal view MARC view ISBD view

The hitchhiker's guide to the galaxy / (Record no. 47401)

[ view plain ]
MARC details
000 -LEADER
fixed length control field 00918cam a2200289 a 4500
001 - CONTROL NUMBER
control field 1678094
003 - CONTROL NUMBER IDENTIFIER
control field OSt
005 - DATE AND TIME OF LATEST TRANSACTION
control field 20140315084645.0
008 - FIXED-LENGTH DATA ELEMENTS--GENERAL INFORMATION
fixed length control field 980603s1997 nyua 000 0 eng
010 ## - LIBRARY OF CONGRESS CONTROL NUMBER
LC control number 98156914
020 ## - INTERNATIONAL STANDARD BOOK NUMBER
International Standard Book Number 0345391802
040 ## - CATALOGING SOURCE
Original cataloging agency DLC
Transcribing agency DLC
Modifying agency DLC
050 00 - LIBRARY OF CONGRESS CALL NUMBER
Classification number PN 6737.C37
Item number .Ad211 2005
100 1# - MAIN ENTRY--PERSONAL NAME
Personal name Adams, Douglas,
Dates associated with a name 1952-2001.
9 (RLIN) 25831
245 14 - TITLE STATEMENT
Title The hitchhiker's guide to the galaxy /
Statement of responsibility, etc Douglas Adams.
260 ## - PUBLICATION, DISTRIBUTION, ETC. (IMPRINT)
Place of publication, distribution, etc New York :
Name of publisher, distributor, etc DC Comics,
Date of publication, distribution, etc 2005.
300 ## - PHYSICAL DESCRIPTION
Extent 133 p. :
Other physical details col. ill. ;
Dimensions 26 cm.
521 ## - TARGET AUDIENCE NOTE
Target audience note
526 ## - STUDY PROGRAM INFORMATION NOTE
Reading level 1000
650 #0 - SUBJECT ADDED ENTRY--TOPICAL TERM
Topical term or geographic name as entry element Science fiction comic books, strips, etc.
9 (RLIN) 25832
700 1# - ADDED ENTRY--PERSONAL NAME
Personal name Carnell, John.
9 (RLIN) 25833
700 1# - ADDED ENTRY--PERSONAL NAME
Personal name Leialoha, Steve.
9 (RLIN) 25834
906 ## - LOCAL DATA ELEMENT F, LDF (RLIN)
a 7
b cbc
c orignew
d 2
e ncip
f 19
g y-gencatlg
942 ## - ADDED ENTRY ELEMENTS (KOHA)
Source of classification or shelving scheme Library of Congress Classification
Koha item type Books
Holdings
Withdrawn status Lost status Source of classification or shelving scheme Damaged status Home library Current library Shelving location Date acquired Total Checkouts Full call number Barcode Date last seen Copy number Price effective from Koha item type
    Library of Congress Classification   Munich Library Munich Library Scholastic Reading Center Section 03/15/2014   PN 6737.C37 .Ad211 2005 MS0927 03/15/2014 1 03/15/2014 Books

The hitchhiker's guide to the galaxy /

APA

Adams D., Carnell J. & Leialoha S. (2005). The hitchhiker's guide to the galaxy. New York: DC Comics.

Chicago

Adams Douglas, Carnell John and Leialoha Steve. 2005. The hitchhiker's guide to the galaxy. New York: DC Comics.

Harvard

Adams D., Carnell J. and Leialoha S. (2005). The hitchhiker's guide to the galaxy. New York: DC Comics.

MLA

Adams Douglas, Carnell John and Leialoha Steve. The hitchhiker's guide to the galaxy. New York: DC Comics. 2005.

  • Place hold
  • Print
  • Cite
  • Add to your cart (remove)
  • Save record
    BIBTEX Dublin Core MARCXML MARC (non-Unicode/MARC-8) MARC (Unicode/UTF-8) MARC (Unicode/UTF-8, Standard) MODS (XML) RIS
  • More searches
    Search for this title in:
    Other Libraries (WorldCat) Other Databases (Google Scholar) Online Stores (Bookfinder.com) Open Library (openlibrary.org)

Exporting to Dublin Core...

SOUTHVILLE LIBRARY

Southville International School and Colleges Library

1281 Tropical Ave. Cor. Luxembourg St., BF Homes International, Las Pinas City

Tel. No. 8256374 / 252358 Loc. 117/146

Powered by Koha